Academ's fury /

The First Lord of Alera, Gaius Sextus, has loyal followers and a relatively politically stable realm. When he is struck ill, however, he and those closest to him do their best to keep his sickness secret. Their knowledge that powerful forces exist who would like to rule Gaius' kingdom keeps the...

Full description

Bibliographic Details
Main Author: Butcher, Jim, 1971-
Corporate Author: Penguin Audio (Firm)
Other Authors: Reading, Kate
Format: CD Audio Book
Language:English
Published: New York : Penguin Audio, [2008]
Series:Butcher, Jim, 1971- Codex Alera ; 2.
Subjects:

MARC

Tag First Indicator Second Indicator Subfields
LEADER 00000cim a2200000Ia 4500
001 in00002475615
005 20151110101743.0
007 sd fungnnmmned
008 081118s2008 nyunnnn f n eng d
020 |a 9780143143772 
020 |a 0143143778 
024 3 |a 9780143143772 
035 |a (OCoLC)ocn273060960 
035 |a (OCoLC)273060960 
037 |b Midwest Tape  |n http://www.midwesttapes.com 
040 |a TEFMT  |c TEFMT  |d TEF  |d IUI  |d UtOrBLW 
049 |a TXAM 
050 1 4 |a PS3602.U85  |b A63 2008ab 
082 0 4 |a 813/.6  |2 22 
090 |a PS3602.U85  |b A63 2008 
100 1 |a Butcher, Jim,  |d 1971- 
245 1 0 |a Academ's fury /  |c Jim Butcher. 
264 1 |a New York :  |b Penguin Audio,  |c [2008] 
264 4 |c ℗2008 
300 |a 17 sound discs (approximately 21 hr.) :  |b digital ;  |c 4 3/4 in. 
306 |a 210000 
336 |a spoken word  |b spw  |2 rdacontent 
337 |a audio  |b s  |2 rdamedia 
338 |a audio disc  |b sd  |2 rdacarrier 
490 1 |a Codex Alera ;  |v bk 2 
511 0 |a Read by Kate Reading. 
500 |a Unabridged. 
500 |a Compact discs. 
520 |a The First Lord of Alera, Gaius Sextus, has loyal followers and a relatively politically stable realm. When he is struck ill, however, he and those closest to him do their best to keep his sickness secret. Their knowledge that powerful forces exist who would like to rule Gaius' kingdom keeps them secretive, while Gaius continues to heal. 
500 |a Sound recording. 
650 0 |a Teenage boys  |v Fiction. 
650 0 |a Good and evil  |v Fiction. 
655 7 |a Fantasy fiction.  |2 gsafd 
655 7 |a Audiobooks.  |2 lcgft 
700 1 |a Reading, Kate. 
710 2 |a Penguin Audio (Firm) 
800 1 |a Butcher, Jim,  |d 1971-  |t Codex Alera ;  |v 2. 
948 |a cataloged  |b h  |c 2009/6/5  |d c  |e ceaton  |f 10:48:09 am 
994 |a C0  |b TXA 
999 |a MARS 
999 f f |s c6199bc7-3c90-3829-8555-addecaf47ee9  |i 0a11dd1c-f2c6-3718-9fb2-56a36407c329  |t 0 
952 f f |p normal  |a Texas A&M University  |b College Station  |c Sterling C. Evans Library  |d Evans: Library Stacks  |t 0  |e PS3602.U85 A63 2008  |h Library of Congress classification  |i audio -- audio disc  |m A14838794321 
998 f f |a PS3602.U85 A63 2008  |t 0  |l Evans: Library Stacks